Central Library OPAC University of Rajshahi

Religion and the rise of capitalism : (Record no. 20344)

MARC details
000 -LEADER
fixed length control field 01377nam a2200313 a 4500
001 - CONTROL NUMBER
control field 20344
003 - CONTROL NUMBER IDENTIFIER
rucl marc code BD-RjUL
005 - DATE AND TIME OF LATEST TRANSACTION
control field 20211209000543.0
008 - FIXED-LENGTH DATA ELEMENTS--GENERAL INFORMATION
fixed length control field 140227r19481929enke 001 0 eng d
035 ## - SYSTEM CONTROL NUMBER
System control number (BD-RjUL)20406
040 ## - CATALOGING SOURCE
Original cataloging agency NJB
Modifying agency BD-RjUL
Language of cataloging eng
Transcribing agency NJB
041 ## - LANGUAGE CODE
Language code of text/sound track or separate title eng
082 00 - DEWEY DECIMAL CLASSIFICATION NUMBER
Classification number 261.85
Author mark and year TAR 1948
100 1# - MAIN ENTRY--PERSONAL NAME
Personal name Tawney, R. H.
Fuller form of name (Richard Henry),
Dates associated with a name 1880-1962.
9 (RLIN) 6154
245 10 - TITLE STATEMENT
Title Religion and the rise of capitalism :
Remainder of title a historical study /
Statement of responsibility, etc. R.H. Tawney ; with a prefatory note by Charles Gore.
250 ## - EDITION STATEMENT
Edition statement Cheaper ed.
260 ## - PUBLICATION, DISTRIBUTION, ETC. (IMPRINT)
Place of publication, distribution, etc. London :
Name of publisher, distributor, etc. J. Murray,
Date of publication, distribution, etc. 1929 [Reprinted 1948].
300 ## - PHYSICAL DESCRIPTION
Pagination xiii, 339 p. ;
Size 23 cm.
500 ## - GENERAL NOTE
General note "Based on a series of lectures on religious thought on social questions in the sixteenth and seventeenth centuries, which were delivered at King's College, London, for the Holland foundation in March and April, 1922."
505 0# - FORMATTED CONTENTS NOTE
Formatted contents note Contents: Prefatory note - Introduction - The medieval background - The continental reformers - The Church of England - The Puritan movement - Conclusion - Notes - Index.
650 #0 - SUBJECT ADDED ENTRY--TOPICAL TERM
Topical term or geographic name as entry element Religious thought
General subdivision History.
9 (RLIN) 62701
Topical term or geographic name as entry element Capitalism.
9 (RLIN) 62702
Topical term or geographic name as entry element Christian sociology
General subdivision History.
9 (RLIN) 62703
651 #0 - SUBJECT ADDED ENTRY--GEOGRAPHIC NAME
Geographic name Great Britain
General subdivision Social conditions.
9 (RLIN) 62704
830 #0 - SERIES ADDED ENTRY--UNIFORM TITLE
Volume number/sequential designation 1922
Uniform title Scott Holland memorial lectures ;
942 ## - ADDED ENTRY ELEMENTS (KOHA)
Source of classification or shelving scheme Dewey Decimal Classification
Koha item type Books
Holdings
Lost status Source of classification or shelving scheme Damaged status Not for loan Collection code Permanent Location Current Location Shelving location Date acquired Source of acquisition Cost, normal purchase price Total Checkouts Full call number Date last seen Copy number Koha item type
  Dewey Decimal Classification     Non-fiction Central Library, University of Rajshahi Central Library, University of Rajshahi   26/02/1955 Pak. Co. Bk. Society 6.90   261.85 TAR 1948 27/02/2014 C-3 Books
  Dewey Decimal Classification     Non-fiction Central Library, University of Rajshahi Central Library, University of Rajshahi   24/01/1955 M. I. Hoque V.C. Is. U. 115.00   261.85 TAR 1948 15/04/2014 C-2 Books
  Dewey Decimal Classification     Non-fiction Central Library, University of Rajshahi Central Library, University of Rajshahi   18/05/1968 swits and zethinger 30.00   261.85 TAR 1964 21/04/2014 C-10 Books
  Dewey Decimal Classification     Non-fiction Central Library, University of Rajshahi Central Library, University of Rajshahi   18/09/1967 swits and zethinger 30.00   261.85 TAR 1964 21/04/2014 C-8 Books
  Dewey Decimal Classification     Non-fiction Central Library, University of Rajshahi Central Library, University of Rajshahi   03/11/1967 swits and zethinger 30.00   261.85 TAR 1964 21/04/2014 C-7 Books
  Dewey Decimal Classification     Non-fiction Central Library, University of Rajshahi Central Library, University of Rajshahi   21/12/1956 B.H.Blackwell 0.00   261.85 TAR 1948 24/04/2014 C-4 Books
  Dewey Decimal Classification     Non-fiction Central Library, University of Rajshahi Central Library, University of Rajshahi   03/12/1979       261.85 TAR 1948 30/04/2014 C-16 Books